| 000 | 00368nam a2200145Ia 4500 | ||
|---|---|---|---|
| 008 | 210210b1989 xxu||||| |||| 00| 0 eng d | ||
| 082 | _a820.301 DHAS | ||
| 100 | _aDHARMARAAJAN (Geeta). | ||
| 245 | _aSuper brat and other stories. | ||
| 260 |
_aN D _bE W P _c1989 |
||
| 300 | _a111 | ||
| 650 | _aChildren Stories | ||
| 690 | _aIndian English Fiction | ||
| 906 | _a043021 | ||
| 999 |
_c92781 _d92781 |
||